000 00514cam a22002171 4500
001 he 67002379
003 DLC
005 20260227111451.0
008 810920s1966 xx 000 0 heb
010 _ahe 67002379
035 _a(OCoLC)14618968
040 _aDLC
_cDNLM
_dDLC
042 _apremarc
050 0 0 _aRG101
_b.S443
060 0 _aWP 100
_bS527m 1967
100 1 _aShani, Mordechai.
245 1 0 _aMeyaldut ve-genikologyah.
260 _c[1966 or 7]
300 _a154 p.
500 _aCover title.
999 _c32786
_d32786